Add an 'L' Quiz Stats

 Plays Quiz Updated Oct 31, 2018

Support Sporcle.
Go Orange.
Score 0/20 Timer 05:00
0 Plays Today
Before Hint Word % Correct
Solid waterIce -> Lice
84.9%
Ice cream holderCone -> Clone
78%
WickedBad -> Bald
76.5%
To get behindBack -> Black
68.4%
RotundFat -> Flat
63.1%
Unit of languageWord -> World
60.3%
Hurting or to hurtPain -> Plain
55.5%
CompensatedPaid -> Plaid
52.8%
To uniteBand -> Bland
52.7%
Run agroundBeach -> Bleach
44.6%
Before Hint Word % Correct
Eyelid inflammationStye -> Style
42%
Marched in a lineFiled -> Filled
37.6%
ChosenPicked -> Pickled
37.4%
Additional amountMore -> Morel
32.9%
SpriteFairy -> Fairly
32.5%
BagSack -> Slack
31%
WarbleSing -> Sling
30.3%
GearCog -> Clog
20.5%
Gesture of goodwillFavor -> Flavor
16%
BloodyGory -> Glory
16%

You're not logged in!

Compare scores with friends on all Sporcle quizzes.
OR
Log In
Forgot?

From the Vault

'B' in Asia

by beforever

Hang on, there's no 'B' in Asia...
Remove Ads.
Support Sporcle.
Get the best of Sporcle when you Go Orange. This ad-free experience offers more features, more stats, and more fun while also helping to support Sporcle. Thank you for becoming a member.

Show Comments

Extras

Top Quizzes Today


Score Distribution

Your Account Isn't Verified!

In order to create a playlist on Sporcle, you need to verify the email address you used during registration. Go to your Sporcle Settings to finish the process.

Report this User

Report this user for behavior that violates our Community Guidelines.

Details: